| 000 | 00746nam a22002417a 4500 | ||
|---|---|---|---|
| 001 | 94590 | ||
| 003 | UA-OsUOA | ||
| 005 | 20201022101836.0 | ||
| 007 | ta | ||
| 008 | 20130214b un ||||| |||| 00| 0 ukr d | ||
| 040 |
_aUA-OsUOA _brus _cUA-OsUOA _dUA-OsUOA |
||
| 041 | _arus | ||
| 080 | _a821.161.1 | ||
| 090 |
_a821.161.1 _bД70 |
||
| 100 | _aДостоевский Ф. М. | ||
| 245 |
_aПолное собрание сочинений в тридцати томах _bхудожественные произведения _n30 |
||
| 246 | 3 | 1 | _aКн. 2 |
| 260 |
_aЛенинград _bНаука _c1988 |
||
| 300 | _a430 с. | ||
| 650 | 7 |
_a82 Література. Літературознавство _2UDC |
|
| 942 |
_cBK _2udc |
||
| 955 | _a3 | ||
| 999 |
_c380836 _d380836 |
||